| 000 | 01188cam a2200337 a 4500 | ||
|---|---|---|---|
| 999 |
_c28587 _d28558 |
||
| 001 | 12922014 | ||
| 003 | EG-ScBUE | ||
| 005 | 20201124142304.0 | ||
| 008 | 010103r20022001enk f b 001 0 eng d | ||
| 020 | _a1853467197 (pbk.) | ||
| 035 | _a(UkLWHE)b000091918 | ||
| 040 |
_aDLC _beng _erda _cDLC _dDLC _dEG-ScBUE |
||
| 082 | 0 | 4 |
_a371.399 _bBOW _221 |
| 245 | 1 | 0 |
_aPlanning process drama / _cPamela Bowell and Brian S. Heap. |
| 250 | _aReprinted edition. | ||
| 264 | 1 |
_aLondon : _bDavid Fulton Publishers Ltd, _c2002. |
|
| 300 |
_a138 pages ; _c25 cm |
||
| 336 |
_2rdacontent _atext _btxt |
||
| 337 |
_2rdamedia _aunmediated _bn |
||
| 338 |
_2rdacarrier _avolume _bnc |
||
| 504 | _aIncludes bibliographical references and index. | ||
| 650 | 7 |
_aDrama in education. _2BUEsh |
|
| 650 | 7 |
_aImprovisation (Acting) _2BUEsh |
|
| 653 |
_bGGEN _cJuly2020 |
||
| 655 |
_vReading book _934232 |
||
| 700 | 1 |
_aHeap, Brian S., _eauthor. |
|
| 856 | 4 | 2 |
_3Publisher description _uhttp://www.loc.gov/catdir/enhancements/fy0653/2002483621-d.html |
| 906 |
_a7 _bcbc _corigres _d2 _encip _f20 _gy-gencatlg |
||
| 942 |
_2ddc _cBB |
||